| 000 | 00745nam a2200169 i 4500 | ||
|---|---|---|---|
| 001 | 184567 | ||
| 003 | ES-MaACL | ||
| 005 | 20230906222228.0 | ||
| 008 | 151022m18911895sp l |||| | spa d | ||
| 245 | 0 | 0 | _aColección de decretos referentes a instrucción pública. |
| 250 | _aEd. oficial. | ||
| 260 |
_aMadrid : _b[s.n.], _c1891-1895 ( _fImp. y fundición de Manuel Tello) |
||
| 300 |
_a3 v. ; _c25 cm. |
||
| 505 | 8 | _aContiene: T. I: Años 1838-1876 - t. II: Años 1876-1890. Apéndice: Jurisprudencia. Competencias - t. III: Sentencias, competencias y autorizaciones para procesar a los funcionarios de Instrucción Pública... desde 1863 hasta 1891 | |
| 650 | 0 | 4 |
_aEnseñanza- _xLegislación- _zEspaña. _912292 |
| 852 |
_aES-MaACL _jA-8991-93 |
||
| 999 |
_c184567 _d184567 |
||